Jak předcházet stárnutí racionální výživou

Bibliographic Details
Main Author: Baranovskij, Leonid Valentovič (Author)
Other Authors: Hejda, Stanislav, 1928-1994 (Translator), Adamec, Čeněk, 1916-1997 (auv)
Format: Book
Language:Czech
PhysicalDescription:48 s. 8°
Published: Praha S.l. Ústř. ústav zdravot. osvěty MZd. [vyd.] 1961
Edition:1. vyd.
Series:Na pomoc přednášejícím sv. 156

MARC

LEADER 00000nam a2200000 a 4500
001 vtls001166658
003 SK-MaSNL
005 20260302023558.0
008 251031s1961 CS 0 cze
035 |a SNK000109638 
040 |a SNK  |b slo  |c SNK  |e AACR2 
041 0 |a cze 
044 |a [CS] 
080 |a 613.9:613.2(022)  |2 1981 
100 1 |a Baranovskij, Leonid Valentovič  |4 aut  |9 670539 
240 1 0 |a Racionaľnoje pitanije v predupreždenii ranevo starenija  |l Česky 
245 1 0 |a Jak předcházet stárnutí racionální výživou  |c Leonid Valentovič Baranovskij ; Přel. St. Hejda ; Předml. Č. Adamec 
250 |a 1. vyd. 
260 |a Praha  |b Ústř. ústav zdravot. osvěty  |a S.l.  |b MZd. [vyd.]  |c 1961  |e S.l.SČT  |f SČT 
300 |a 48 s.  |c 8° 
490 0 |a Na pomoc přednášejícím  |v sv. 156 
700 1 |a Hejda, Stanislav,  |d 1928-1994  |4 trl  |9 179608 
700 1 |a Adamec, Čeněk,  |d 1916-1997  |4 auv  |9 176483 
968 |d Z rus. orig. 
999 |c 1037057  |d 1038987 
952 |t P60, <04>, [BOOK], {604}  |a SNK  |b SNK  |y VYP  |7 0  |p 17A0131921  |o snkID 32101 D1  |0 0  |1 1  |4 0  |d 1998-03-23  |l 0  |r 2005-01-01 00:00:00  |w 2026-02-24